| 000 | 01165nam a22003494a 4500 | ||
|---|---|---|---|
| 001 | 36933 | ||
| 003 | BD-RjUL | ||
| 005 | 20211209052547.0 | ||
| 008 | 020606s2003 paua b 001 0 eng | ||
| 020 | _a0721600085 | ||
| 035 | _a(DNLM)101147103 | ||
| 040 |
_aDNLM/DLC _cDLC _dDLC _dBD-RjUL _beng |
||
| 041 | _aeng | ||
| 060 | 1 | 0 |
_aQW 568 _bA122c 2003 |
| 082 | 0 | 0 |
_a616.079 _221 _bABC 2003 |
| 100 | 1 |
_aAbbas, Abul K. _9112788 |
|
| 245 | 1 | 0 |
_aCellular and molecular immunology / _cAbul K. Abbas, Andrew H. Lichtman ; illustrations by David L. Baker, Alexandra Baker. |
| 250 | _a5th ed. | ||
| 260 |
_aPhiladelphia : _bSaunders, _cc2003. |
||
| 300 |
_a562 p. : _bcol. ill. ; _c28 cm. |
||
| 504 | _aIncludes bibliographical references and index. | ||
| 650 | 0 |
_aCellular immunity. _9112789 |
|
| 650 | 0 |
_aMolecular immunology. _9112790 |
|
| 650 | 1 | 2 |
_aImmunity, Cellular. _9112791 |
| 650 | 2 | 2 |
_aAntibody Formation _ximmunology. _9112792 |
| 650 | 2 | 2 |
_aAntigens _ximmunology. _9112793 |
| 650 | 2 | 2 |
_aImmunologic Diseases _ximmunology. _9112794 |
| 650 | 2 | 2 |
_aLymphocytes _ximmunology. _9112795 |
| 942 |
_2ddc _cBK |
||
| 999 |
_c36933 _d36933 |
||